| 000 | 01182cam a2200265 4500 | ||
|---|---|---|---|
| 008 | 000000n2002 000 0 eng u | ||
| 020 | _aJ122833 | ||
| 035 | _a(Sirsi) u122833 | ||
| 050 |
_a711.4 _c18 |
||
| 110 | _aCentre for Advanced Spatial Analysis | ||
| 245 |
_aComprehensive project appraisal (CPA) and geographic information systems (GIS) _ba prelimary investigation into their compatibility |
||
| 260 |
_aLondon _bRICS _c2002 |
||
| 490 | _aRICS Research | ||
| 520 | _aFollow up report to "Comprehensive project appraisal: towards sustainability"(ISBN 1842190490), which considers the compatibility of the two systems. The outcome of this preliminary investigation is very positive and identifies a number of areas worthy of further research. View at www.rics.org. | ||
| 650 | _aSUSTAINABLE DEVELOPMENT | ||
| 650 | _aCOMPREHENSIVE PROJECT APPRAISAL | ||
| 650 | _aDEVELOPMENT APPRAISAL | ||
| 650 | _aDEVELOPMENT PLANNING | ||
| 650 | _aGIS | ||
| 690 | _aDEVELOPMENT-SUSTAINABLE | ||
| 710 |
_aGeofutures _94482 |
||
| 710 |
_aRoyal Institution of Chartered Surveyors _bPolicy Unit _94169 |
||
| 710 |
_aRoyal Institution of Chartered Surveyors _94900 |
||
| 942 | _n0 | ||
| 999 |
_c102942 _d102942 |
||